[Event "TCh-RUS Blitz 2015"]
[Site "Sochi RUS"]
[Date "2015.05.10"]
[Round "5.24"]
[White "Shuvalova, Polina"]
[Black "Vokarev, Sergey"]
[Result "0-1"]
[WhiteTitle "WFM"]
[BlackTitle "GM"]
[WhiteElo "2212"]
[BlackElo "2456"]
[WhiteTeam "Our heritage junior (Moscow)"]
[BlackTeam "Polytechnic (Nizhny Tagil)"]
[WhiteFideId "24171760"]
[BlackFideId "4119711"]
[EventDate "2015.05.10"]

1. e4 c5 2. Nf3 Nc6 3. Bb5 g6 4. c3 Nf6 5. Qe2 Bg7 6. d4 cxd4 7. cxd4 d5 8. e5
Ne4 9. O-O O-O 10. Nc3 Bf5 11. h3 Rc8 12. g4 Be6 13. Be3 f6 14. exf6 exf6 15.
Rac1 f5 16. Bxc6 Rxc6 17. Ne5 Bxe5 18. dxe5 Qh4 19. Nxe4 dxe4 20. Rxc6 bxc6 21.
f4 Qg3+ 22. Kh1 Qxh3+ 23. Kg1 Qg3+ 24. Kh1 fxg4 25. Bc5 Rf5 26. Rf2 g5 27. Rg2
Qh3+ 28. Rh2 Qf3+ 29. Qxf3 gxf3 30. fxg5 Rxe5 31. Be3 Bxa2 32. Rd2 Bd5 33. Kg1
Kf7 34. Kf2 Re8 35. Kg3 a6 36. Rd1 Rb8 37. Bd4 Rb4 38. Bc3 Rb5 39. Kf4 a5 40.
Rh1 Kg8 41. Ke3 a4 42. Ra1 Rb7 43. Rxa4 Kf7 44. Ra8 Kg6 45. Bf6 Kf5 46. Ra1 Rb3+
47. Bc3 Kxg5 48. Rg1+ Kf5 49. Rh1 Kg6 50. Rg1+ Kf7 51. Rg7+ Ke6 52. Rxh7 Kd6 53.
Rh5 Kc5 54. Rh8 Kc4 55. Kd2 Rb7 56. Ra8 Rh7 57. Ke3 Rh2 58. Ra4+ Kb3 59. Rb4+
Kc2 60. Rd4 Re2+ 61. Kf4 f2 0-1

[Event "TCh-RUS Blitz 2015"]
[Site "Sochi RUS"]
[Date "2015.05.10"]
[Round "5.25"]
[White "Smirnov, Alexey"]
[Black "Balashov, Yuri S"]
[Result "0-1"]
[BlackTitle "GM"]
[WhiteElo "2453"]
[BlackElo "2443"]
[WhiteTeam "BOC Russian Federation (Smolensk region)"]
[BlackTeam "Our Heritage veterans (Moscow)"]
[WhiteFideId "4168437"]
[BlackFideId "4100263"]
[EventDate "2015.05.10"]

1. d4 e6 2. c4 f5 3. Nf3 Be7 4. g3 Nf6 5. Bg2 O-O 6. O-O d5 7. Nbd2 c6 8. Ne5
Nbd7 9. Nd3 Qe8 10. b3 Ne4 11. Nf3 Bf6 12. Bb2 a5 13. Qc2 Qh5 14. Nf4 Qf7 15. h4
Re8 16. Ne5 Bxe5 17. dxe5 Nf8 18. f3 Nxg3 19. Rf2 Ng6 20. Nxg6 Qxg6 21. cxd5
exd5 22. Qc3 Be6 23. f4 Ne4 0-1

[Event "TCh-RUS Blitz 2015"]
[Site "Sochi RUS"]
[Date "2015.05.10"]
[Round "5.26"]
[White "Dragomarezkij, Evgeni"]
[Black "Pakhomov, Alexey"]
[Result "1-0"]
[WhiteTitle "IM"]
[BlackTitle "IM"]
[WhiteElo "2393"]
[BlackElo "2356"]
[WhiteTeam "Our Heritage veterans (Moscow)"]
[BlackTeam "BOC Russian Federation (Smolensk region)"]
[WhiteFideId "4101944"]
[BlackFideId "4129016"]
[EventDate "2015.05.10"]

1. c4 e6 2. d4 d5 3. Nc3 f5 4. Bf4 c6 5. e3 Nf6 6. Bd3 Be7 7. Nf3 O-O 8. Qc2 Ne4
9. h3 Qa5 10. O-O Nd7 11. a3 Ndf6 12. b4 Qd8 13. b5 Bd7 14. bxc6 Bxc6 15. Ne5
Rc8 16. c5 g5 17. Nxc6 Rxc6 18. Be5 Nd7 19. Bh2 Ndxc5 20. dxc5 Rxc5 21. Bxe4
fxe4 22. Qb3 b6 23. Be5 Bd6 24. Bxd6 Qxd6 25. Rfd1 Qe5 26. Ne2 Qf6 27. Rf1 h5
28. Qd1 g4 29. Nf4 Qf5 30. h4 Rfc8 31. Ne2 e5 32. Rc1 Qf6 33. Rxc5 Rxc5 34. Qa4
Qe7 35. Ng3 Rc4 36. Qb5 Rc5 37. Qa6 Qf7 38. a4 Ra5 39. Qe2 Rxa4 40. Rc1 Rc4 41.
Rb1 Rc5 42. Qa2 Qc7 43. Nxe4 Rc1+ 44. Rxc1 Qxc1+ 45. Kh2 Qc6 46. Ng3 Kh7 47.
Qxa7+ Kg6 48. Qe7 Qf6 49. Qd7 Qxf2 50. Qe6+ Qf6 51. Qxd5 b5 52. Qe4+ Kh6 53.
Nf5+ Kh7 54. Kg3 b4 55. Nd4+ Kg7 56. Nc6 b3 57. Qd5 b2 58. Qd7+ Kh6 59. Qb7 b1=Q
60. Qxb1 Qxc6 61. Qf5 Qd6 62. Qg5+ Kh7 63. Qxh5+ Kg7 64. Qxg4+ Kf7 65. Qf5+ Ke7
66. h5 Qd2 67. Qxe5+ Kf7 68. Qf4+ Kg7 69. Kh3 Qd1 70. Kh4 Qh1+ 71. Kg5 Qxg2+ 72.
Qg4 Qd5+ 73. Kh4+ Kh8 74. e4 Qd2 75. Qf5 Qh2+ 76. Kg5 Qg3+ 77. Kf6 Qh4+ 78. Ke6
Qd8 79. Qf6+ Qxf6+ 80. Kxf6 Kh7 81. e5 1-0

[Event "TCh-RUS Blitz 2015"]
[Site "Sochi RUS"]
[Date "2015.05.10"]
[Round "5.27"]
[White "Draganov, Ruslan"]
[Black "Kremenietsky, Anatoly M."]
[Result "0-1"]
[WhiteTitle "FM"]
[BlackTitle "IM"]
[WhiteElo "2195"]
[BlackElo "2316"]
[WhiteTeam "BOC Russian Federation (Smolensk region)"]
[BlackTeam "Our Heritage veterans (Moscow)"]
[WhiteFideId "4108736"]
[BlackFideId "4103467"]
[EventDate "2015.05.10"]

1. e4 c5 2. Nf3 Nc6 3. d4 cxd4 4. Nxd4 Nf6 5. Nc3 d6 6. Be2 g6 7. Be3 Bg7 8. O-O
O-O 9. Kh1 d5 10. exd5 Nxd5 11. Nxd5 Qxd5 12. Nxc6 Qxc6 13. c3 Be6 14. Bf3 Qa6
15. Qc2 Rad8 16. a3 Bd5 17. Bxd5 Rxd5 18. Rfe1 Rfd8 19. Rad1 Qc4 20. Rxd5 Qxd5
21. h3 a6 22. Qa4 e5 23. Qb4 h6 24. Qb6 Kh7 25. Qc7 Rd7 26. Qc5 Qd3 27. Qa5 f5
28. Bc5 e4 29. Qb6 f4 30. Qe6 Rd5 31. Bd4 Bxd4 32. Qxd5 Bxf2 33. Qxd3 exd3 34.
Rd1 Kg7 35. Rxd3 b6 36. Rd6 0-1

[Event "TCh-RUS Blitz 2015"]
[Site "Sochi RUS"]
[Date "2015.05.10"]
[Round "5.28"]
[White "Melnik, Viktor"]
[Black "Romanenkov, Aleksandr"]
[Result "1-0"]
[WhiteElo "2141"]
[BlackElo "2105"]
[WhiteTeam "Our Heritage veterans (Moscow)"]
[BlackTeam "BOC Russian Federation (Smolensk region)"]
[WhiteFideId "4189205"]
[BlackFideId "24118478"]
[EventDate "2015.05.10"]

1. e4 c5 2. Nf3 e6 3. d4 cxd4 4. Nxd4 Nf6 5. Nc3 Bb4 6. Nb5 O-O 7. a3 Be7 8. Nd6
Nc6 9. Be2 a6 10. O-O Qc7 11. Nxc8 Raxc8 12. Bg5 h6 13. Bh4 d6 14. f4 Nxe4 15.
Nxe4 Bxh4 16. Qxd6 Qb6+ 17. Qc5 Qxb2 18. Rab1 Qd4+ 19. Qxd4 Nxd4 20. Bd3 b5 21.
c3 Nf5 22. g3 Be7 23. Rfe1 Rfd8 24. Rbd1 Bxa3 25. Bc2 1-0

[Event "TCh-RUS Blitz 2015"]
[Site "Sochi RUS"]
[Date "2015.05.10"]
[Round "5.29"]
[White "Triapishko, Olexandr"]
[Black "Golubov, Saveliy"]
[Result "0-1"]
[WhiteElo "2393"]
[BlackElo "2405"]
[WhiteTeam "Crimea (Republic of Crimea)"]
[BlackTeam "HQ Rakita - NIU BSU (Belgorod)"]
[WhiteFideId "14122286"]
[BlackFideId "24176729"]
[EventDate "2015.05.10"]

1. Nf3 d5 2. c4 e6 3. e3 Nf6 4. b3 Be7 5. Bb2 O-O 6. Be2 c5 7. O-O Nc6 8. cxd5
Nxd5 9. Nc3 Bf6 10. Rc1 b6 11. Qc2 Bb7 12. Rfd1 Rc8 13. a3 Nd4 14. exd4 cxd4 15.
Qb1 dxc3 16. dxc3 Qe7 17. Nd4 Nf4 18. Bf1 Bxd4 19. Rxd4 e5 20. Rb4 Qf6 21. f3 a5
22. Ra4 Qg5 23. h4 Qxh4 24. Qf5 Qg3 25. Qg4 Qxg4 26. fxg4 Bd5 27. c4 Bc6 28.
Bxe5 Bxa4 29. Bxf4 Bxb3 30. Be3 Rc6 31. Rc3 Bd1 32. g5 Rd8 33. Bd3 Bg4 34. Be4
Rcd6 35. c5 bxc5 36. Rxc5 a4 37. Bf4 Rd4 38. Re5 f6 39. gxf6 gxf6 40. Re7 Kf8
41. Rxh7 Rxe4 42. Bh6+ Ke8 43. Rg7 Be6 44. Kh2 Rh4+ 45. Kg3 Rxh6 46. Ra7 Bd7 47.
Kf4 Rg6 48. g3 Ke7 0-1

[Event "TCh-RUS Blitz 2015"]
[Site "Sochi RUS"]
[Date "2015.05.10"]
[Round "5.30"]
[White "Ivanov, Alexander Al."]
[Black "Shemeakin, Alexander"]
[Result "1-0"]
[WhiteTitle "GM"]
[BlackTitle "IM"]
[WhiteElo "2420"]
[BlackElo "2247"]
[WhiteTeam "HQ Rakita - NIU BSU (Belgorod)"]
[BlackTeam "Crimea (Republic of Crimea)"]
[WhiteFideId "4126360"]
[BlackFideId "14101840"]
[EventDate "2015.05.10"]

1. e4 e6 2. d3 d5 3. Nd2 c5 4. Qe2 Ne7 5. Ngf3 Nbc6 6. g3 g6 7. Bg2 Bg7 8. O-O
h6 9. Re1 a5 10. a4 O-O 11. h4 e5 12. exd5 Nxd5 13. Nc4 Bg4 14. Ne3 Nd4 15. Qd1
Nb4 16. Nxg4 Ndxc2 17. Bxh6 Nxa1 18. Bxg7 Kxg7 19. Qxa1 Nc2 20. Qc1 Nxe1 21.
Qh6+ Kg8 22. Ng5 1-0

[Event "TCh-RUS Blitz 2015"]
[Site "Sochi RUS"]
[Date "2015.05.10"]
[Round "5.31"]
[White "Alexeev, Alexey"]
[Black "Khoroshilov, Nikita"]
[Result "0-1"]
[WhiteTitle "IM"]
[WhiteElo "2320"]
[BlackElo "2274"]
[WhiteTeam "Crimea (Republic of Crimea)"]
[BlackTeam "HQ Rakita - NIU BSU (Belgorod)"]
[WhiteFideId "14106663"]
[BlackFideId "24145122"]
[EventDate "2015.05.10"]

1. d4 g6 2. e4 d6 3. Nc3 Nf6 4. g3 Bg7 5. Bg2 O-O 6. Nge2 Na6 7. O-O c5 8. d5
Nc7 9. a4 b6 10. h3 Rb8 11. Be3 e6 12. Qd2 exd5 13. exd5 a6 14. Bh6 b5 15. Bxg7
Kxg7 16. axb5 axb5 17. Nf4 b4 18. Ne4 Nxe4 19. Bxe4 Qf6 20. b3 Nb5 21. h4 Nc3
22. Bg2 Bf5 23. Rfe1 Ra8 24. Rxa8 Rxa8 25. Bh3 Bxh3 26. Nxh3 Qf5 27. Nf4 Ra2 28.
Nd3 Nxd5 29. Kg2 Nf6 30. Re2 Qd5+ 31. f3 Qd4 32. Nf4 Qxd2 33. Rxd2 Ra6 34. Kf2
Nd7 35. Nd5 Kf8 36. Ne3 Nf6 37. g4 h5 38. g5 Nd7 39. f4 Rc6 40. Kf3 Nb6 41. Nd5
Nxd5 42. Rxd5 Ke7 43. f5 gxf5 44. Rxf5 Ra6 45. Rf6 Ra2 46. Rh6 Rxc2 47. Rxh5
Rc3+ 48. Ke4 Rxb3 49. Rh7 Rg3 50. Rh8 b3 51. Rb8 c4 52. Kd4 Rg4+ 53. Kd5 Rxh4
54. Rb7+ Kf8 55. Kxd6 Kg7 56. Kd5 Kg6 57. Kc5 Rf4 58. Kb4 Kxg5 59. Kc3 f5 60.
Rg7+ Kf6 61. Ra7 Re4 62. Ra8 Ke5 63. Ra5+ Kf4 64. Ra8 Kf3 65. Rg8 f4 66. Rg7 Kf2
67. Rg8 f3 68. Rg7 Kf1 69. Rg6 f2 70. Rg7 Ke1 0-1

[Event "TCh-RUS Blitz 2015"]
[Site "Sochi RUS"]
[Date "2015.05.10"]
[Round "5.32"]
[White "Ananikian, Andrey"]
[Black "Vasilevich, Tatjana"]
[Result "1-0"]
[BlackTitle "IM"]
[WhiteElo "2118"]
[BlackElo "2404"]
[WhiteTeam "HQ Rakita - NIU BSU (Belgorod)"]
[BlackTeam "Crimea (Republic of Crimea)"]
[WhiteFideId "4197623"]
[BlackFideId "14101610"]
[EventDate "2015.05.10"]

1. d4 Nf6 2. Bf4 e6 3. e3 d5 4. Nf3 Be7 5. Bd3 O-O 6. h3 c5 7. c3 Qb6 8. Qb3 c4
9. Qxb6 axb6 10. Bc2 b5 11. Nbd2 Nc6 12. O-O b4 13. Ne5 bxc3 14. Nxc6 bxc6 15.
bxc3 Ra3 16. Nb1 Ra6 17. a4 Bd7 18. Nd2 c5 19. dxc5 Bxc5 20. e4 Rfa8 21. Rfd1
Bxa4 22. Bxa4 Rxa4 23. Rxa4 Rxa4 24. Bg5 Nd7 25. exd5 exd5 26. Nf3 Nb6 27. Bd8
Ra2 28. Nd4 Na4 29. Nb5 Rxf2 30. Kh1 Rf5 31. Nc7 Bb6 32. Nxd5 Bxd8 33. Ne3 Bf6
34. Nxf5 Nxc3 35. Rc1 g6 36. Nd6 Ne2 37. Rxc4 Ng3+ 38. Kg1 Be5 39. Nb5 h5 40.
Nc3 h4 41. Ne4 Ne2+ 42. Kf2 Nf4 43. Rc8+ Kg7 44. Ng5 Bf6 45. Nf3 Nd3+ 46. Ke3
Nb4 47. Rc4 Nd5+ 48. Kf2 Ne7 49. Nxh4 Nd5 50. Nf3 Nb6 51. Rc6 Nd5 52. g4 Nf4 53.
Kg3 Ne2+ 54. Kh2 Nf4 55. g5 Bb2 56. h4 Nd5 57. Kg3 Ne3 58. Ra6 Nf5+ 59. Kh3 Ne3
60. Ra7 Nf5 61. Rd7 Ne3 62. Nd4 Kf8 63. Ne2 Kg7 64. Nf4 Kf8 65. Nd5 Kg7 66. Nxe3 1-0

[Event "TCh-RUS Blitz 2015"]
[Site "Sochi RUS"]
[Date "2015.05.10"]
[Round "5.33"]
[White "Nazaretyan, Tigran"]
[Black "Malakhov, Vladimir"]
[Result "0-1"]
[BlackTitle "GM"]
[WhiteElo "2249"]
[BlackElo "2702"]
[WhiteTeam "Caucasus (Vladikavkaz)"]
[BlackTeam "Malachite (Sverdlovsk region)"]
[WhiteFideId "24162345"]
[BlackFideId "4120787"]
[EventDate "2015.05.10"]

1. d4 g6 2. e4 Bg7 3. Nc3 d6 4. f4 Nf6 5. Bd3 O-O 6. Nf3 Na6 7. O-O c5 8. d5 Bg4
9. h3 Bxf3 10. Qxf3 Nb4 11. a3 Nxd3 12. Qxd3 a6 13. a4 Qa5 14. Bd2 Qc7 15. Qc4
b6 16. Ra3 Rfb8 17. b4 Nd7 18. Rfa1 b5 19. axb5 Nb6 20. Qb3 cxb4 21. Qxb4 Nc4
22. Be1 Nxa3 23. Rxa3 axb5 24. Rxa8 Rxa8 25. Nxb5 Qxc2 26. Nc3 Ra1 27. Qb8+ Bf8 0-1

[Event "TCh-RUS Blitz 2015"]
[Site "Sochi RUS"]
[Date "2015.05.10"]
[Round "5.34"]
[White "Riazantsev, Alexander"]
[Black "Pavlov, Oleg"]
[Result "1-0"]
[WhiteTitle "GM"]
[BlackTitle "FM"]
[WhiteElo "2671"]
[BlackElo "2206"]
[WhiteTeam "Malachite (Sverdlovsk region)"]
[BlackTeam "Caucasus (Vladikavkaz)"]
[WhiteFideId "4125029"]
[BlackFideId "4149297"]
[EventDate "2015.05.10"]

1. d4 Nf6 2. c4 e6 3. Nf3 b6 4. a3 Ba6 5. Qb3 d5 6. cxd5 exd5 7. Nc3 Be7 8. Bg5
c6 9. g3 h6 10. Bxf6 Bxf6 11. Bg2 O-O 12. O-O Re8 13. Rfe1 Nd7 14. Rad1 Be7 15.
Qa4 Bb7 16. e4 dxe4 17. Nxe4 Nf6 18. Ne5 Rc8 19. Qxa7 Qc7 20. Qa4 Nd5 21. Qb3
Bf8 22. Nc3 Nxc3 23. bxc3 c5 24. Bxb7 Qxb7 25. a4 Qc7 26. Re3 Rcd8 27. Rde1 Re7
28. Re4 cxd4 29. cxd4 Rd6 30. Rf4 g6 31. Rfe4 1-0

[Event "TCh-RUS Blitz 2015"]
[Site "Sochi RUS"]
[Date "2015.05.10"]
[Round "5.35"]
[White "Basiev, V P"]
[Black "Lysyj, Igor"]
[Result "0-1"]
[BlackTitle "GM"]
[WhiteElo "2012"]
[BlackElo "2677"]
[WhiteTeam "Caucasus (Vladikavkaz)"]
[BlackTeam "Malachite (Sverdlovsk region)"]
[WhiteFideId "4160355"]
[BlackFideId "4150120"]
[EventDate "2015.05.10"]

1. e4 e5 2. Nf3 Nc6 3. Bc4 Bc5 4. c3 Nf6 5. d3 O-O 6. O-O d5 7. exd5 Nxd5 8.
Nbd2 Nb6 9. Qe2 Nxc4 10. Nxc4 Re8 11. h3 Bf5 12. Rd1 f6 13. Be3 Bf8 14. b4 Qd5
15. a4 a6 16. Nb2 Bg6 17. Nd2 Rad8 18. Ndc4 Nd4 19. cxd4 exd4 20. Qd2 dxe3 21.
fxe3 b5 22. axb5 axb5 23. Na3 c6 24. Nc2 c5 25. bxc5 Bxc5 26. d4 Bf8 27. Ne1 Qe4
28. Ra5 Rd5 29. Nbd3 Bf7 30. Nf4 Rdd8 31. Nf3 b4 32. Re1 b3 33. Rb5 Rc8 34. Rc1
Rxc1+ 35. Qxc1 Qxe3+ 36. Qxe3 Rxe3 37. Kf2 Re8 38. d5 g5 39. Nd3 Rd8 40. Nb4 b2
41. Nc6 Rxd5 42. Rxb2 Bc5+ 43. Ke2 Kg7 44. Nd2 Rd6 45. Nb4 Rb6 46. Nd3 Rxb2 47.
Nxb2 Bd5 48. Nf3 Kg6 49. Nd3 Bd6 50. Ke3 h5 51. Nf2 f5 52. Nd4 Bxg2 53. Nd3 Bd5
54. Ne2 Kf6 55. Nf2 Bc5+ 56. Nd4 f4+ 57. Kd3 Ke5 58. Nd1 Bxd4 59. Ke2 g4 60.
hxg4 hxg4 61. Nf2 Bxf2 62. Kxf2 g3+ 63. Kg1 f3 64. Kf1 Bc4+ 65. Ke1 f2+ 66. Kd2
f1=Q 0-1

[Event "TCh-RUS Blitz 2015"]
[Site "Sochi RUS"]
[Date "2015.05.10"]
[Round "6.1"]
[White "Zvjaginsev, Vadim"]
[Black "Andreikin, Dmitry"]
[Result "1/2-1/2"]
[WhiteTitle "GM"]
[BlackTitle "GM"]
[WhiteElo "2660"]
[BlackElo "2723"]
[WhiteTeam "SHSM-Our Heritage-2 (Moscow)"]
[BlackTeam "University (Belorechensk)"]
[WhiteFideId "4113403"]
[BlackFideId "4158814"]
[EventDate "2015.05.10"]

1. e4 c5 2. c3 Nf6 3. e5 Nd5 4. Nf3 e6 5. Bc4 Nb6 6. Bb3 d5 7. exd6 Bxd6 8. d4
cxd4 9. cxd4 O-O 10. O-O Bd7 11. Nc3 Bc6 12. Ne5 Bxe5 13. dxe5 N8d7 14. Bf4 Nc5
15. Bc2 Nd5 16. Nxd5 Qxd5 17. Qxd5 Bxd5 18. Rfc1 Rfc8 19. Be3 b6 20. b4 Nd7 21.
f4 Nf8 22. a3 Ng6 23. Bxg6 hxg6 24. Rxc8+ Rxc8 25. Rc1 Rxc1+ 26. Bxc1 1/2-1/2

[Event "TCh-RUS Blitz 2015"]
[Site "Sochi RUS"]
[Date "2015.05.10"]
[Round "6.2"]
[White "Jobava, Baadur"]
[Black "Inarkiev, Ernesto"]
[Result "1-0"]
[WhiteTitle "GM"]
[BlackTitle "GM"]
[WhiteElo "2699"]
[BlackElo "2664"]
[WhiteTeam "University (Belorechensk)"]
[BlackTeam "SHSM-Our Heritage-2 (Moscow)"]
[WhiteFideId "13601520"]
[BlackFideId "4162722"]
[EventDate "2015.05.10"]

1. b3 d5 2. Bb2 c5 3. e3 a6 4. Nc3 Nc6 5. d4 Bf5 6. Bd3 Bg6 7. Nge2 e6 8. dxc5
Nf6 9. Na4 Bxc5 10. Nxc5 Qa5+ 11. Qd2 Qxc5 12. O-O Ne4 13. Qc1 Nb4 14. a3 Nxd3
15. cxd3 Qxc1 16. Rfxc1 Nf6 17. Nf4 Kd7 18. h4 Bf5 19. f3 h5 20. e4 Bg6 21. Kf2
Rac8 22. Ke3 Rxc1 23. Rxc1 dxe4 24. dxe4 Ne8 25. Nd3 Nd6 26. Bxg7 Rc8 27. Ne5+
Ke7 28. Rxc8 Nxc8 29. Nxg6+ fxg6 30. Be5 Na7 31. Kf4 Nb5 32. a4 Na7 33. Kg5 Kf7
34. g4 hxg4 35. fxg4 Nc6 36. Bc3 b5 37. axb5 axb5 38. h5 gxh5 39. gxh5 b4 40.
Bf6 1-0

[Event "TCh-RUS Blitz 2015"]
[Site "Sochi RUS"]
[Date "2015.05.10"]
[Round "6.3"]
[White "Popov, Ivan RUS"]
[Black "Alekseev, Evgeny"]
[Result "1/2-1/2"]
[WhiteTitle "GM"]
[BlackTitle "GM"]
[WhiteElo "2648"]
[BlackElo "2653"]
[WhiteTeam "SHSM-Our Heritage-2 (Moscow)"]
[BlackTeam "University (Belorechensk)"]
[WhiteFideId "4170350"]
[BlackFideId "4138147"]
[EventDate "2015.05.10"]

1. e4 e5 2. Nf3 Nc6 3. d4 exd4 4. Bc4 Nf6 5. e5 d5 6. Bb5 Ne4 7. Nxd4 Bd7 8.
Bxc6 bxc6 9. O-O Bc5 10. Qd3 Bb6 11. Nc3 Nxc3 12. Qxc3 c5 13. Nb3 Bc6 14. Qg3
Qd7 15. c4 dxc4 16. Nd2 Qd3 17. Qxg7 O-O-O 18. Qf6 Kb7 19. f3 Rhg8 20. Ne4 Qe2
21. Ng3 Qc2 22. Bg5 Rd7 23. Rf2 Qa4 24. Kh1 Rg6 25. Qf4 Re6 26. h4 h6 27. Bf6
Rd4 28. Qxh6 c3 29. bxc3 Rxf6 30. Qxf6 Rxh4+ 31. Kg1 Rc4 32. Nf5 Rxc3 33. Kh2
Qf4+ 34. g3 Qb4 35. Ne7 Bb5 36. Nd5 Qd4 37. Nxc3 Qxf2+ 38. Kh3 Bd7+ 39. Kh4 Qh2+
40. Kg5 Qxg3+ 41. Kh6 c4 42. Nd5 Be6 43. Nxb6 axb6 44. f4 c3 45. Qg5 Qh2+ 46.
Kg7 Qd2 47. Qg3 c2 48. Qf3+ Bd5 49. Qf1 Qe3 50. Rc1 Qg3+ 51. Kf8 Qa3+ 52. Kg7
Qg3+ 53. Kf8 Qa3+ 54. Kg7 Qg3+ 1/2-1/2

[Event "TCh-RUS Blitz 2015"]
[Site "Sochi RUS"]
[Date "2015.05.10"]
[Round "6.4"]
[White "Tregubov, Pavel V."]
[Black "Potkin, Vladimir"]
[Result "1/2-1/2"]
[WhiteTitle "GM"]
[BlackTitle "GM"]
[WhiteElo "2571"]
[BlackElo "2599"]
[WhiteTeam "University (Belorechensk)"]
[BlackTeam "SHSM-Our Heritage-2 (Moscow)"]
[WhiteFideId "4115341"]
[BlackFideId "4131061"]
[EventDate "2015.05.10"]

1. d4 d5 2. c4 e6 3. Nf3 Nf6 4. Nc3 c6 5. Qb3 dxc4 6. Qxc4 b5 7. Qd3 a6 8. e4 c5
9. e5 Nd5 10. dxc5 Bxc5 11. Nxd5 exd5 12. Be2 O-O 13. O-O Nc6 14. Bg5 Qb6 15.
Qxd5 Be6 16. Qe4 Nd4 17. Nxd4 Bxd4 18. Bd3 g6 19. Qf4 Rfe8 20. Bf6 Bc5 21. Rac1
Bf8 22. h4 Bxa2 23. h5 Rac8 24. hxg6 fxg6 25. Bxg6 hxg6 26. Rxc8 Rxc8 27. Qg4
Rc7 28. Bd8 Bf7 29. e6 Be8 30. Re1 Be7 31. Bxc7 Qxc7 32. Qd4 Qc5 33. Qe4 a5 34.
Qa8 Qc6 35. Qxa5 g5 36. Qd2 Bg6 37. Qd7 Qc5 38. Ra1 Kg7 39. Qd2 b4 40. Rc1 Qe5
41. Re1 Qc5 42. Rc1 Qe5 43. Re1 Qc5 44. Rc1 Qe5 45. Re1 Qc5 46. Rc1 1/2-1/2

[Event "TCh-RUS Blitz 2015"]
[Site "Sochi RUS"]
[Date "2015.05.10"]
[Round "6.6"]
[White "Artemiev, Vladislav"]
[Black "Najer, Evgeniy"]
[Result "1/2-1/2"]
[WhiteTitle "GM"]
[BlackTitle "GM"]
[WhiteElo "2671"]
[BlackElo "2663"]
[WhiteTeam "Rook (Kazan)"]
[BlackTeam "Our Heritage SHSM-1 (Moscow)"]
[WhiteFideId "24101605"]
[BlackFideId "4118987"]
[EventDate "2015.05.10"]

1. Nf3 d5 2. g3 g6 3. c4 dxc4 4. Qa4+ Nc6 5. Qxc4 Bg7 6. Bg2 e5 7. Nc3 Nge7 8.
O-O Be6 9. Qa4 O-O 10. d3 h6 11. Bd2 Nd4 12. Rfe1 c6 13. Rac1 a5 14. Qa3 Re8 15.
Ne4 Nb5 16. Qa4 Bd5 17. Nc3 Nxc3 18. bxc3 b5 19. Qc2 Be6 20. Be3 Qd6 21. c4 b4
22. Nd2 f5 23. Nb3 Bf7 24. Qd2 g5 25. Bb6 a4 26. Bc5 Qb8 27. Na1 b3 28. Rb1 Qc7
29. axb3 a3 30. Qa2 e4 31. dxe4 f4 32. Nc2 Ng6 33. Nxa3 h5 34. Qd2 Red8 35. Qc1
Qe5 36. b4 h4 37. g4 Be6 38. h3 Qc7 39. b5 cxb5 40. cxb5 Rdc8 41. Bb4 Qb6 42.
Qd2 Rd8 43. Qc2 Rdc8 44. Qd2 Rd8 45. Qc2 Rac8 46. Qa4 Ra8 47. Qc2 Rac8 48. Qa4
Ra8 49. Qc2 Rac8 50. Qa4 Ra8 51. Qc2 Rdc8 52. Qd2 Rd8 53. Qc2 Rac8 54. Qa4 Ra8
55. Qc2 Rac8 56. Qa4 Bd4 57. Rf1 Ra8 58. Qc2 Rac8 59. Qa4 Ra8 60. Qc2 Rac8 61.
Qa4 Ra8 1/2-1/2

[Event "TCh-RUS Blitz 2015"]
[Site "Sochi RUS"]
[Date "2015.05.10"]
[Round "6.7"]
[White "Grachev, Boris"]
[Black "Timofeev, Artyom"]
[Result "1/2-1/2"]
[WhiteTitle "GM"]
[BlackTitle "GM"]
[WhiteElo "2666"]
[BlackElo "2534"]
[WhiteTeam "Our Heritage SHSM-1 (Moscow)"]
[BlackTeam "Rook (Kazan)"]
[WhiteFideId "4129199"]
[BlackFideId "4140419"]
[EventDate "2015.05.10"]

1. d4 d5 2. Bf4 Nf6 3. e3 c5 4. c3 Nc6 5. Nd2 cxd4 6. exd4 g6 7. Ngf3 Bf5 8. Qb3
Qc8 9. Be2 Bg7 10. O-O O-O 11. h3 Na5 12. Qa4 Nc6 13. Qb3 Na5 14. Qa4 Nc6 15.
Rfe1 Nd7 16. Bf1 Nb6 17. Qd1 Re8 18. Ne5 a6 19. Bg3 Nd7 20. Ndf3 Be4 21. Nxd7
Qxd7 22. Nd2 Bf5 23. Nf3 Be4 24. Nd2 Bf5 25. a4 e5 26. dxe5 Nxe5 27. Bxe5 Bxe5
28. Nf3 Bf6 29. a5 Rxe1 30. Qxe1 Be4 31. Nd2 Bf5 32. Nf3 Be4 33. Nd2 Bf5 34. Nf3
Be4 35. Nd2 1/2-1/2